000 01734cam a2200457 4500
001 21219
003 VRT
005 20260224160536.0
008 200626s2020 xo gr 010 f slo
015 _aSNBA2021/07
020 _a9788089822478
_q(viazané)
039 9 _a202510061040
_bAUTHORITY
_c202107091341
_dmsnk159
_c202107091334
_dmsnk159
_c202107011511
_dmsnk03
040 _aPPPK
_bslo
_cPPPK
_dSNK
_erda
041 1 _aslo
_heng
044 _axo
_cSK
072 7 _a821.111(73)-3
_xAmerická próza
_2konspekt
080 _a821.111(73)-31
_22011
080 _a(0:82-311.6)
_22011
100 1 _aHunter, Kristi Ann
_4aut
240 1 2 _aA defense of honor
_lSlovensky
245 1 0 _aSídlo Haven Manor
_n1
_pZáhadná guvernantka c Kristi Ann Hunterová ; preklad z anglického originálu A defense of honor Mirka Molnárová Novysedláková
246 3 0 _aZáhadná guvernantka
250 _aPrvé vydanie
264 1 _a[Jezersko]
_bi527.net
_c2020
300 _a375 strán
_c21 cm
336 _atext
_btxt
_2rdacontent
337 _abez média
_bn
_2rdamedia
338 _azväzok
_bnc
_2rdacarrier
500 _aMiesto vydania podľa NA ISBN
655 7 _aamerické romány
_2SNKPH
655 7 _ahistorické romány
_2SNKPH
655 7 _aAmerican novels
_2SNKPHeng
655 7 _aHistorical novels
_2SNKPHeng
700 1 _aMolnárová-Novysedláková, Miroslava
_4trl
700 1 _iPokračovanie:
_aHunter, Kristi Ann
_tOdvážna dáma
_n2
700 1 _iPokračovanie:
_aHunter, Kristi Ann
_tHľadanie domova
_n3
787 0 8 _iZo série:
_tSídlo Haven Manor
942 _2ddc
_cKLDO
_n0
949 _617A1455257
_asnkSC 193186/1
_bsnk2021/7981
_o929/21
_s6100:20210720
949 _617A1455354
_asnkSC 193186/1 D1
_bsnk2021/9807
_o929/21
999 _c21219
_d21219